000 00536nam a2200205Ia 4500
005 20250508155019.0
008 008 250505s9999 xx 000 0 eng d
037 _aTextual
040 _aFEDL
_beng
_cFEDL
041 _aeng
_2eng
084 _a510, GLE
_qFEDL
100 _aGlenn William H.
_9766558
245 0 _aNumber patterns
260 _aLondon, UK
_bJohn Murray
300 _a47p.
650 _aMathematics
700 _a Johnson Donovan A.
_9766559
942 _cTEXL
_h510, GLE
999 _c1353402
_d1353402